Catalog

Record Details

Catalog Search



A kid like me  Cover Image Book Book

A kid like me / Norm Feuti.

Feuti, Norman,: (author,:, artist.).

Summary:

Ethan doesn't want to stand out, he just wants to fit in. But fitting in is tough when your peers call out your ancient cell phone, busted backpack, and discount clothing. To make matters worse, his best friend, Ricky, insists on hanging out with a group of guys who just don't get him . . . they're more interested in playing pranks than playing his favorite card game Bio Battle. Things start looking up, though, when Ethan befriends Aiden, a new kid in school, but it's only matter of time before even that goes sideways. Can Ethan figure out where he belongs without forgetting who he is and who he wants to be?

Record details

  • ISBN: 9780063354104
  • ISBN: 0063354101
  • ISBN: 9780063354111
  • ISBN: 006335411X
  • Physical Description: 272 pages : color illustrations ; 23 cm
  • Edition: First edition.
  • Publisher: New York : HarperAlley, an imprint of HarperColins Publishers, 2026.
Subject: Middle school students > Comic books, strips, etc.
Middle schools > Comic books, strips, etc.
Friendship > Comic books, strips, etc.
Identity (Psychology) > Comic books, strips, etc.
Belonging (Social psychology) > Comic books, strips, etc.
Bullying > Comic books, strips, etc.
Genre: Juvenile works
Graphic novels.
School comics.
Comics (Graphic works)

LDR 03780cam a22007698i 4500
001167251
003SBPL
00520260316123952.0
008251003t20262026nyua c 6 000 f eng d
007ta
010 . ‡a 2025937299
020 . ‡a9780063354104 ‡q(paperback)
020 . ‡a0063354101 ‡q(paperback)
020 . ‡a9780063354111 ‡q(hardcover)
020 . ‡a006335411X ‡q(hardcover)
0248 . ‡aCIPO000316844
035 . ‡a(OCoLC)1518768273 ‡z(OCoLC)1518768578 ‡z(OCoLC)1570694265
08204. ‡a741.5/973 ‡223
1001 . ‡aFeuti, Norman,: ‡eauthor,: ‡eartist.
24512. ‡aA kid like me / ‡cNorm Feuti.
250 . ‡aFirst edition.
264 1. ‡aNew York : ‡bHarperAlley, an imprint of HarperColins Publishers, ‡c2026.
300 . ‡a272 pages : ‡bcolor illustrations ; ‡c23 cm
336 . ‡atext ‡btxt ‡2rdacontent
336 . ‡astill image ‡bsti ‡2rdacontent
337 . ‡aunmediated ‡bn ‡2rdamedia
338 . ‡avolume ‡bnc ‡2rdacarrier
520 . ‡aEthan doesn't want to stand out, he just wants to fit in. But fitting in is tough when your peers call out your ancient cell phone, busted backpack, and discount clothing. To make matters worse, his best friend, Ricky, insists on hanging out with a group of guys who just don't get him . . . they're more interested in playing pranks than playing his favorite card game Bio Battle. Things start looking up, though, when Ethan befriends Aiden, a new kid in school, but it's only matter of time before even that goes sideways. Can Ethan figure out where he belongs without forgetting who he is and who he wants to be?
650 0. ‡aMiddle school students ‡vComic books, strips, etc.
650 0. ‡aMiddle schools ‡vComic books, strips, etc.
650 0. ‡aFriendship ‡vComic books, strips, etc.
650 0. ‡aIdentity (Psychology) ‡vComic books, strips, etc.
650 0. ‡aBelonging (Social psychology) ‡vComic books, strips, etc.
650 0. ‡aBullying ‡vComic books, strips, etc.
655 7. ‡aJuvenile works
655 7. ‡aGraphic novels. ‡2lcgft
655 7. ‡aSchool comics. ‡2lcgft
655 7. ‡aComics (Graphic works) ‡2lcgft
901 . ‡a167251 ‡bAUTOGEN ‡c167251 ‡tbiblio

Additional Resources